00435nam a22001457a 450000500170000000800410001702000150005804100130007308200150008610000130010124500670011426000560018130000260023765000260026320231117120217.0231117b |||||||| |||| 00| 0 eng d a0409116629 aEnglish  a343.4 SIL  lEnglish  aSilke on South African Income Tax : bIncome Tax Act 2000/2001 aDurban : bButterworth Publishers (Pty) Ltd, c2000 b335 pages ; c25 cm.  aLegal practice bLaw